Resource Management towards sustainable Agriculture and development (Record no. 17123)
[ view plain ]
| 000 -LEADER | |
|---|---|
| fixed length control field | 00292nam a22001097a 4500 |
| 008 - FIXED-LENGTH DATA ELEMENTS--GENERAL INFORMATION | |
| fixed length control field | 140526t xxu||||| |||| 00| 0 eng d |
| 020 ## - INTERNATIONAL STANDARD BOOK NUMBER | |
| International Standard Book Number | 81-904309-7-1 |
| 100 ## - MAIN ENTRY--PERSONAL NAME | |
| Personal name | R.K Behl |
| 9 (RLIN) | 883 |
| 245 ## - TITLE STATEMENT | |
| Title | Resource Management towards sustainable Agriculture and development |
| 300 ## - PHYSICAL DESCRIPTION | |
| Extent | 358 |
| 942 ## - ADDED ENTRY ELEMENTS (KOHA) | |
| Source of classification or shelving scheme | |
| Koha item type | Book |
| Withdrawn status | Lost status | Source of classification or shelving scheme | Damaged status | Not for loan | Collection code | Permanent Location | Current Location | Date acquired | Total Checkouts | Full call number | Barcode | Date last seen | Price effective from | Koha item type |
|---|---|---|---|---|---|---|---|---|---|---|---|---|---|---|
| Atta-ur-Rahman School of Applied Biosciences (ASAB) | Atta-ur-Rahman School of Applied Biosciences (ASAB) | 05/26/2014 | 621.8 BEH | ASAB2168 | 05/26/2014 | 05/26/2014 | Book |
